La Foi probable. L'acte de foi d'après Gilles Estrix (1624-1694) (Record no. 314855)
[ view plain ]
| 000 -CABECERA | |
|---|---|
| Campo de control de longitud fija | 00364nab a22001097u 4500 |
| 008 - CÓDIGOS DE INFORMACIÓN DE LONGITUD FIJA | |
| Campo de control de longitud fija | 130520b1947 xxu||||| |||| 00| 0 fre d |
| 041 ## - CÓDIGO DE LENGUA | |
| Código de lengua del texto/banda sonora o título independiente | fre |
| 100 1# - PUNTO DE ACCESO PRINCIPAL-NOMBRE DE PERSONA | |
| Nombre de persona | Sohier, Albert |
| 9 (RLIN) | 55631 |
| 245 00 - MENCIÓN DE TÍTULO | |
| Título | La Foi probable. L'acte de foi d'après Gilles Estrix (1624-1694) |
| Mención de responsabilidad, etc. | Albert Sohier |
| 773 0# - ENLACE AL DOCUMENTO FUENTE | |
| Título | Gregorianum |
| Parte(s) relacionada(s) | V.28, nº4,1947,págs. 311-554 |
| Número Internacional Normalizado para Publicaciones Seriadas (ISSN) | 0017-4114 |
| Número de control del registro relacionado | Rev219 |
| 942 ## - ENTRADA DE ELEMENTOS AGREGADOS (KOHA) | |
| Koha [por defecto] tipo de item | Artículos de revista |
| Suprimido | Perdido | Estropeado | No para préstamo | Localización permanente | Localización actual | Localización en estantería | Fecha adquisición | Préstamos totales | Fecha última consulta | Fecha del precio de reemplazo | Tipo de item de Koha |
|---|---|---|---|---|---|---|---|---|---|---|---|
| San Esteban | San Esteban | Depósito de revistas | 21/05/2013 | 21/05/2013 | 21/05/2013 | Artículos de revista |
